[Event "HUN-chT2 Breyer 1617"]
[Site "Hungary"]
[Date "2016.11.13"]
[Round "2.9"]
[White "Szerenyi, Bence"]
[Black "Kaloczi, Kristof"]
[Result "1/2-1/2"]
[WhiteElo "1975"]
[BlackElo "1913"]
[PlyCount "55"]
[EventDate "2016.10.30"]
[EventType "team-tourn"]
[EventRounds "9"]
[EventCountry "HUN"]
[SourceTitle "EXT 2021"]
[Source "ChessBase"]
[SourceDate "2020.10.23"]
[SourceVersion "1"]
[SourceVersionDate "2020.10.23"]
[SourceQuality "1"]
[WhiteTeam "Vizugy"]
[BlackTeam "Budapest MTK II"]
[WhiteTeamCountry "HUN"]
[BlackTeamCountry "HUN"]

1. c4 Nf6 2. Nc3 g6 3. g3 Bg7 4. Bg2 0-0 5. e4 e5 6. d3 d6 7. Nge2 Nc6 8. 0-0 Ne8 9. f4 f5 10. Be3 fxe4 11. dxe4 Be6 12. Nd5 Qd7 13. Qd2 Nf6 14. Rac1 Ng4 15. c5 Nxe3 16. Nxe3 Rad8 17. cxd6 Qxd6 18. Qxd6 Rxd6 19. b3 Rd2 20. Rc2 Rfd8 21. Rfc1 Bf7 22. Nd5 Rxc2 23. Rxc2 exf4 24. Nexf4 Be5 25. Nd3 Bd4+ 26. Kf1 Bxd5 27. exd5 Ne5 28. Nxe5 1/2-1/2

[Event "HUN-chT2 Erkel 1213"]
[Site "Hungary"]
[Date "2012.12.02"]
[Round "5.9"]
[White "Szabo, Ervin"]
[Black "Szerenyi, Bence"]
[Result "0-1"]
[WhiteElo "1965"]
[BlackElo "1959"]
[PlyCount "60"]
[EventDate "2012.09.16"]
[EventType "team-tourn"]
[EventRounds "11"]
[EventCountry "HUN"]
[SourceTitle "EXT 2014"]
[Source "ChessBase"]
[SourceDate "2013.11.20"]
[SourceVersion "1"]
[SourceVersionDate "2013.11.20"]
[SourceQuality "1"]
[WhiteTeam "Matra"]
[BlackTeam "Vizugy"]
[WhiteTeamCountry "HUN"]
[BlackTeamCountry "HUN"]

1. d4 b6 2. c4 Bb7 3. Nc3 e6 4. Nf3 Bb4 5. Bd2 Nf6 6. a3 Bxc3 7. bxc3 Ne4 8. Qc2 0-0 9. e3 f5 10. Rd1 Qe7 11. Bc1 g5 12. Nd2 Nxd2 13. Qxd2 h5 14. e4 f4 15. f3 Nc6 16. Bd3 e5 17. Bb2 d6 18. Qf2 g4 19. Be2 Qg5 20. Bc1 Na5 21. g3 Nb3 22. gxf4 exf4 23. Bb2 Rae8 24. Rg1 Bxe4 25. fxe4 Rxe4 26. Kf1 f3 27. Bd3 Re2 28. Bxe2 fxe2+ 29. Kxe2 Rxf2+ 30. Kxf2 Qf4+ 0-1

[Event "HUN-chT2 Erkel 1213"]
[Site "Hungary"]
[Date "2012.11.04"]
[Round "3.9"]
[White "Pallagi, Janos"]
[Black "Szerenyi, Bence"]
[Result "1-0"]
[WhiteElo "2010"]
[BlackElo "1959"]
[PlyCount "67"]
[EventDate "2012.09.16"]
[EventType "team-tourn"]
[EventRounds "11"]
[EventCountry "HUN"]
[SourceTitle "EXT 2014"]
[Source "ChessBase"]
[SourceDate "2013.11.20"]
[SourceVersion "1"]
[SourceVersionDate "2013.11.20"]
[SourceQuality "1"]
[WhiteTeam "Foti"]
[BlackTeam "Vizugy"]
[WhiteTeamCountry "HUN"]
[BlackTeamCountry "HUN"]

1. d4 d5 2. Nf3 e6 3. e3 Bd6 4. Bd3 Nd7 5. 0-0 c6 6. b3 f5 7. c4 Ngf6 8. Ba3 Bxa3 9. Nxa3 Qe7 10. Nc2 Ne4 11. Ne5 Nxe5 12. dxe5 Nc5 13. f4 Nxd3 14. Qxd3 0-0 15. b4 Bd7 16. Rab1 Rac8 17. c5 Kh8 18. Nd4 g5 19. a4 g4 20. Rfc1 Rfd8 21. Rc2 Be8 22. Rbc1 Bd7 23. b5 Kg7 24. Qd2 Rb8 25. Qa5 a6 26. bxc6 bxc6 27. Qxa6 Ra8 28. Qb7 Rdb8 29. Qc7 Rc8 30. Qd6 Qf7 31. Rb2 Rxa4 32. Rb7 Rd8 33. Nxc6 Ra6 34. Nxd8 1-0

[Event "HUN-chT2 Erkel 1112"]
[Site "Hungary"]
[Date "2012.02.19"]
[Round "6.6"]
[White "Szerenyi, Bence"]
[Black "Roos, Jean Luc"]
[Result "0-1"]
[WhiteElo "1976"]
[BlackElo "2205"]
[PlyCount "96"]
[EventDate "2011.09.25"]
[EventType "team-tourn"]
[EventRounds "11"]
[EventCountry "HUN"]
[SourceTitle "EXT 2013"]
[Source "ChessBase"]
[SourceDate "2012.11.22"]
[SourceVersion "1"]
[SourceVersionDate "2012.11.22"]
[SourceQuality "1"]
[WhiteTeam "Vizugy"]
[BlackTeam "Sarkany"]
[WhiteTeamCountry "HUN"]
[BlackTeamCountry "HUN"]

1. e4 e6 2. Qe2 c5 3. Nc3 Nc6 4. Nf3 d6 5. g3 g6 6. Bg2 Bg7 7. 0-0 Nge7 8. d3 0-0 9. Be3 Nd4 10. Bxd4 cxd4 11. Nd1 Bd7 12. Qd2 Bc6 13. Nh4 d5 14. f4 dxe4 15. dxe4 f5 16. exf5 exf5 17. a4 Nd5 18. Nf3 Ne3 19. Re1 Nxg2 20. Qxg2 Qd5 21. Rf1 Rfe8 22. Ra3 Re7 23. Rd3 Bxa4 24. Nc3 Qd7 25. Nxa4 Qxa4 26. Ng5 Rd8 27. Rfd1 Qe8 28. Qd2 h6 29. Nf3 Re2 30. Qb4 Qc6 31. c3 Qe4 32. Qb3+ Kh7 33. cxd4 Rc8 34. R3d2 Re3 35. Rd3 Re2 36. R3d2 Re3 37. Rd3 Rxd3 38. Qxd3 Qd5 39. Ne5 a6 40. h3 h5 41. Nf3 Bf6 42. Ne5 Kg7 43. Ra1 Bxe5 44. fxe5 Rc4 45. Rd1 Rb4 46. Qc3 Rb3 47. Qe1 h4 48. gxh4 Rxh3 0-1

[Event "HUN-chT2 Erkel 1112"]
[Site "Hungary"]
[Date "2011.09.25"]
[Round "1.4"]
[White "Demjen, Attila"]
[Black "Szerenyi, Bence"]
[Result "1-0"]
[WhiteElo "2021"]
[BlackElo "1976"]
[PlyCount "99"]
[EventDate "2011.09.25"]
[EventType "team-tourn"]
[EventRounds "11"]
[EventCountry "HUN"]
[SourceTitle "EXT 2013"]
[Source "ChessBase"]
[SourceDate "2012.11.22"]
[SourceVersion "1"]
[SourceVersionDate "2012.11.22"]
[SourceQuality "1"]
[WhiteTeam "Honved II"]
[BlackTeam "Vizugy"]
[WhiteTeamCountry "HUN"]
[BlackTeamCountry "HUN"]

1. e4 d6 2. d4 g6 3. c3 Bg7 4. f4 Nd7 5. Nf3 e5 6. dxe5 dxe5 7. fxe5 Nxe5 8. Qxd8+ Kxd8 9. Bg5+ Ke8 10. Nbd2 Be6 11. Nd4 Ne7 12. Nxe6 fxe6 13. Be2 Rf8 14. Nf3 Nf7 15. 0-0-0 e5 16. Be3 h6 17. Bb5+ c6 18. Bc4 Nd8 19. Bc5 Rf4 20. Rhe1 b5 21. Bb3 Nb7 22. Bf2 Rd8 23. Rxd8+ Kxd8 24. Bxa7 Nc8 25. Be3 Na5 26. Bxf4 Nxb3+ 27. axb3 exf4 28. Nd4 Kd7 29. e5 Ne7 30. c4 b4 31. g3 c5 32. e6+ Ke8 33. Nf3 fxg3 34. hxg3 g5 35. Ne5 Nf5 36. Nd7 Bd4 37. Rh1 Ke7 38. g4 Nh4 39. Re1 Ng2 40. Re4 Nf4 41. Nb6 Nxe6 42. Nd5+ Kd6 43. Ne3 Kd7 44. Nf5 Bf6 45. Nxh6 Nf4 46. Kc2 Bg7 47. Nf7 Bf6 48. Ne5+ Kd6 49. Nd3 Ne6 50. Rxe6+ 1-0

[Event "Budapest-chT1 Lilienthal 1011"]
[Site "Budapest"]
[Date "2011.02.27"]
[Round "9"]
[White "Szerenyi, Bence"]
[Black "Kis, Bela"]
[Result "0-1"]
[WhiteElo "1990"]
[BlackElo "2041"]
[PlyCount "54"]
[EventDate "2010.09.19"]
[EventType "team-tourn"]
[EventRounds "11"]
[EventCountry "HUN"]
[SourceTitle "EXT 2020"]
[Source "ChessBase"]
[SourceDate "2019.10.17"]
[SourceVersion "1"]
[SourceVersionDate "2019.10.17"]
[SourceQuality "1"]
[WhiteTeam "Vizugy II"]
[BlackTeam "Budapest Vasas II"]
[WhiteTeamCountry "HUN"]
[BlackTeamCountry "HUN"]

1. e4 e5 2. Nc3 Nc6 3. Nf3 g6 4. Be2 Bg7 5. 0-0 d6 6. d3 Nge7 7. Nb1 0-0 8. c3 b6 9. Ne1 Bb7 10. f4 exf4 11. Bxf4 d5 12. Bf3 Ne5 13. Nd2 dxe4 14. Bxe4 Bxe4 15. dxe4 Qd6 16. Qe2 Rad8 17. Kh1 Qe6 18. h3 c5 19. a4 N7c6 20. Ndf3 h6 21. Bxe5 Nxe5 22. a5 Nc4 23. axb6 axb6 24. Nd3 Rfe8 25. Rae1 f5 26. e5 g5 27. Qc2 f4 0-1

[Event "Budapest FS07 FM-A"]
[Site "Budapest"]
[Date "2010.07.11"]
[Round "9"]
[White "Szerenyi, Bence"]
[Black "Gal, Janos"]
[Result "1-0"]
[WhiteElo "1975"]
[BlackElo "1965"]
[PlyCount "101"]
[EventDate "2010.07.03"]
[EventType "tourn"]
[EventRounds "11"]
[EventCountry "HUN"]
[SourceTitle "CBM 137 Extra"]
[Source "ChessBase"]
[SourceDate "2010.09.01"]
[SourceVersion "1"]
[SourceVersionDate "2010.09.01"]
[SourceQuality "1"]

1. e4 Nf6 2. e5 Nd5 3. d4 d6 4. Nf3 Bg4 5. Be2 Nc6 6. 0-0 Bxf3 7. Bxf3 dxe5 8. dxe5 e6 9. Be4 Bc5 10. Kh1 Ndb4 11. a3 Qxd1 12. Rxd1 Nd5 13. c4 Nde7 14. f4 0-0 15. b4 Rad8 16. Rd2 Be3 17. Rxd8 Rxd8 18. Bxe3 Rd1+ 19. Bg1 Nd4 20. Ra2 Re1 21. Nc3 f6 22. exf6 gxf6 23. Rd2 e5 24. fxe5 fxe5 25. Rd1 Rxd1 26. Nxd1 c6 27. h3 Kg7 28. Bh2 Kf6 29. Bxh7 a5 30. Ne3 axb4 31. axb4 c5 32. b5 Nb3 33. Ng4+ Kg7 34. Bc2 Nd2 35. Nxe5 Nc8 36. Bf4 Kf6 37. Bxd2 Kxe5 38. Bc3+ Kf4 39. h4 Kg4 40. Be5 Kxh4 41. Bf5 Nb6 42. Be6 Kg5 43. Bd6 Na4 44. Bd5 b6 45. Bc7 Kf5 46. Kh2 Kf6 47. Kh3 Ke7 48. Kg4 Kd7 49. Be5 Ke7 50. Kf5 Kd7 51. g4 1-0

[Event "Budapest FS07 FM-A"]
[Site "Budapest"]
[Date "2010.07.10"]
[Round "8"]
[White "Somogyi, Gabor"]
[Black "Szerenyi, Bence"]
[Result "1/2-1/2"]
[WhiteElo "1940"]
[BlackElo "1975"]
[PlyCount "39"]
[EventDate "2010.07.03"]
[EventType "tourn"]
[EventRounds "11"]
[EventCountry "HUN"]
[SourceTitle "CBM 137 Extra"]
[Source "ChessBase"]
[SourceDate "2010.09.01"]
[SourceVersion "1"]
[SourceVersionDate "2010.09.01"]
[SourceQuality "1"]

1. e4 c5 2. Nf3 Nf6 3. e5 Nd5 4. Nc3 Nxc3 5. dxc3 d5 6. exd6 Qxd6 7. Qxd6 exd6 8. Bf4 d5 9. 0-0-0 Be6 10. Bb5+ Nc6 11. Rhe1 Be7 12. Ng5 0-0 13. Nxe6 fxe6 14. Bg3 Bg5+ 15. Kb1 Rf6 16. Re2 a6 17. Bxc6 bxc6 18. Bd6 c4 19. Be7 Rg6 20. Bxg5 1/2-1/2

[Event "Budapest FS07 FM-A"]
[Site "Budapest"]
[Date "2010.07.07"]
[Round "5"]
[White "Szerenyi, Bence"]
[Black "Kis, Bela"]
[Result "1-0"]
[WhiteElo "1975"]
[BlackElo "2087"]
[PlyCount "79"]
[EventDate "2010.07.03"]
[EventType "tourn"]
[EventRounds "11"]
[EventCountry "HUN"]
[SourceTitle "CBM 137 Extra"]
[Source "ChessBase"]
[SourceDate "2010.09.01"]
[SourceVersion "1"]
[SourceVersionDate "2010.09.01"]
[SourceQuality "1"]

1. d4 Nf6 2. Bg5 Ne4 3. Bf4 c5 4. f3 Qa5+ 5. c3 Nf6 6. e4 cxd4 7. b4 Qb6 8. Bxb8 Rxb8 9. Qxd4 Qxd4 10. cxd4 e5 11. dxe5 Bxb4+ 12. Kd1 Nh5 13. Ne2 g6 14. a3 Bc5 15. Nbc3 d6 16. Na4 Be3 17. exd6 Be6 18. Kc2 b5 19. Nac3 a5 20. Kd3 Bc5 21. e5 f5 22. g4 fxg4 23. Ne4 Rc8 24. fxg4 Bxg4 25. Rc1 Bxa3 26. Rxc8+ Bxc8 27. Nd4 Bb2 28. Ke3 b4 29. Bb5+ Kf7 30. Ng5+ Kg7 31. Nde6+ Bxe6 32. Nxe6+ Kf7 33. Ng5+ Kg7 34. e6 Bf6 35. Ne4 b3 36. e7 Kf7 37. Rf1 b2 38. Ng5+ Kg7 39. Ne6+ Kh6 40. e8Q 1-0

[Event "Budapest FS07 FM-A"]
[Site "Budapest"]
[Date "2010.07.06"]
[Round "4"]
[White "Gruz, Janos"]
[Black "Szerenyi, Bence"]
[Result "1/2-1/2"]
[WhiteElo "1933"]
[BlackElo "1975"]
[PlyCount "65"]
[EventDate "2010.07.03"]
[EventType "tourn"]
[EventRounds "11"]
[EventCountry "HUN"]
[SourceTitle "CBM 137 Extra"]
[Source "ChessBase"]
[SourceDate "2010.09.01"]
[SourceVersion "1"]
[SourceVersionDate "2010.09.01"]
[SourceQuality "1"]

1. Nf3 c5 2. g3 d5 3. Bg2 Nc6 4. d4 cxd4 5. Nxd4 Nf6 6. 0-0 e5 7. Nxc6 bxc6 8. c4 Be6 9. Bg5 Rc8 10. cxd5 cxd5 11. Bxf6 gxf6 12. e3 f5 13. Nc3 e4 14. Qd4 Rg8 15. Qxa7 Bc5 16. Qa4+ Kf8 17. Rad1 h5 18. Ne2 h4 19. Nd4 f4 20. exf4 Bd7 21. Qa6 Rg6 22. Qe2 Bg4 23. f3 Qb6 24. Qd2 exf3 25. Bxf3 hxg3 26. Bxg4 Rxg4 27. h3 Rg8 28. Kg2 Bxd4 29. Qxd4 Rc2+ 30. Kf3 Qb5 31. Qe5 Qb6 32. Qd4 Qb5 33. Qe5 1/2-1/2

[Event "Budapest FS07 FM-A"]
[Site "Budapest"]
[Date "2010.07.04"]
[Round "2"]
[White "Zala, Gyula"]
[Black "Szerenyi, Bence"]
[Result "1-0"]
[WhiteElo "2067"]
[BlackElo "1975"]
[PlyCount "61"]
[EventDate "2010.07.03"]
[EventType "tourn"]
[EventRounds "11"]
[EventCountry "HUN"]
[SourceTitle "CBM 137 Extra"]
[Source "ChessBase"]
[SourceDate "2010.09.01"]
[SourceVersion "1"]
[SourceVersionDate "2010.09.01"]
[SourceQuality "1"]

1. e4 d5 2. exd5 Qxd5 3. Nf3 Nf6 4. Be2 a6 5. c4 Qd8 6. d4 e6 7. Nc3 b6 8. 0-0 Bb7 9. Be3 Nbd7 10. a3 Be7 11. b4 Ne4 12. Nxe4 Bxe4 13. Nd2 Bb7 14. f4 0-0 15. Bd3 c5 16. Nf3 Bxf3 17. Qxf3 Bf6 18. Rad1 cxd4 19. Bd2 g6 20. g4 Bg7 21. g5 Re8 22. Rde1 Ra7 23. h4 Nb8 24. Re2 Qc8 25. Rfe1 Nc6 26. h5 Ne7 27. Qh3 e5 28. Qxc8 Rxc8 29. h6 Bf8 30. fxe5 Nf5 31. e6 1-0

[Event "HUN-chT2 Erkel 0910"]
[Site "Hungary"]
[Date "2009.12.20"]
[Round "4.9"]
[White "Szerenyi, Bence"]
[Black "Kiss, Pal"]
[Result "0-1"]
[WhiteElo "1893"]
[BlackElo "2022"]
[PlyCount "62"]
[EventDate "2009.11.08"]
[EventType "team-tourn"]
[EventRounds "11"]
[EventCountry "HUN"]
[SourceTitle "EXT 2011"]
[Source "ChessBase"]
[SourceDate "2010.11.26"]
[SourceVersion "1"]
[SourceVersionDate "2010.11.26"]
[SourceQuality "1"]
[WhiteTeam "Vizugy"]
[BlackTeam "Vaci"]
[WhiteTeamCountry "HUN"]
[BlackTeamCountry "HUN"]

1. d4 d5 2. c4 Nc6 3. Nf3 Bg4 4. cxd5 Bxf3 5. dxc6 Bxc6 6. Nc3 Nf6 7. f3 e6 8. e4 Be7 9. Be3 0-0 10. Qc2 Nh5 11. Bc4 Bg5 12. Bf2 Nf4 13. Kf1 Ng6 14. g3 e5 15. Rd1 Qf6 16. Qe2 exd4 17. Bxd4 Qe7 18. h4 Bf6 19. h5 Ne5 20. Bd5 Nd7 21. Bxc6 bxc6 22. Bxf6 Nxf6 23. e5 Nd5 24. Nxd5 cxd5 25. Rxd5 Rad8 26. Rb5 Qg5 27. g4 Rd2 28. e6 Rxe2 29. Rxg5 Rxb2 30. Ra5 fxe6 31. Rh3 Rd8 0-1

[Event "HUN-chT2 Breyer 0809"]
[Site "Hungary"]
[Date "2009.01.25"]
[Round "6"]
[White "Szerenyi, Bence"]
[Black "Nemeth, Lajos"]
[Result "1-0"]
[WhiteElo "1902"]
[BlackElo "2023"]
[PlyCount "59"]
[EventDate "2008.10.26"]
[EventType "team-tourn"]
[EventRounds "11"]
[EventCountry "HUN"]
[SourceTitle "EXT 2010"]
[Source "ChessBase"]
[SourceDate "2010.11.25"]
[SourceVersion "1"]
[SourceVersionDate "2010.11.25"]
[SourceQuality "1"]
[WhiteTeam "Vizugy"]
[BlackTeam "Vertesi Eromu"]
[WhiteTeamCountry "HUN"]
[BlackTeamCountry "HUN"]

1. e4 d6 2. d4 e6 3. Nc3 Bd7 4. Be3 Nf6 5. f3 a6 6. Qd2 Be7 7. g4 h6 8. 0-0-0 Nh7 9. Kb1 b5 10. Bd3 b4 11. Nce2 a5 12. Ng3 Nf6 13. h4 Nc6 14. N1e2 e5 15. g5 Ng8 16. Nf5 Bxf5 17. exf5 exd4 18. Nxd4 Ne5 19. Bb5+ Kf8 20. f4 Ng4 21. Qe2 h5 22. Nc6 Qc8 23. f6 gxf6 24. Bd4 Qe6 25. Qf3 d5 26. Rhe1 Qd6 27. Bg1 fxg5 28. Rxd5 Qg6 29. Nxe7 Nxe7 30. Rxg5 1-0